000 01601cab a2200313Ia 45 0
001 u201363
003 SIRSI
008 101020s2003 ua ss b eng d
040 _aEAL
041 _aeng
_ara
090 _aART EJH V30 No1-2 7
100 1 _aSalama, A. B.
240 1 0 _aEgyptian journal of horticulture, 2003 v.30 (1-2)
_h[electronic resource].
245 1 0 _aComparative studies of mineral and organic fertilization on v. thapsus plant
_h[electronic resource].
246 1 5 _aدراسات مقارنة للتسميد المعدنى والعضوى على نبات شمعدان الملك (الفربسكم).
300 _ap.111-124.
504 _aIncludes references.
520 _aVerbascum, an old latin name of the mullein, (Scrophulariaceae) hardly biennial herbs, rarely perennial or subshrubs. Verbascum genus includes many species most wildly grown, however two species only were grown regularly; V. thapsus and V densiflorum. Mullein flowers contain a large amount of mucilage in addition to an acid saponin, iridoid glycosides and a small quantity of volatile oils. It is no longer a pure demulcent and it is often a constituent of chest and cough teas.
546 _aSummary in Arabic.
650 0 _aMulleins.
650 0 _aMineral fertilizers.
650 0 _aOrganic fertilizers.
700 1 _aHassan, S. M.
700 1 _aEl-Gengaihi, S. E.
700 1 _aAbu-Taleb, N. S.
773 0 _tEgyptian journal of horticulture.
_g2003.v.30(1-2)
_x1110-0206
_7nnas
_wu183584
856 4 0 _uhttp://nile.enal.sci.eg/EALE/2003/EJH/3003/1-2/111.pdf
_zFull Text Article
596 _a1
942 _cAR
_2lcc
999 _c53600
_d53600